[Event "US Masters op"]
[Site "Charlotte"]
[Date "2022.11.25"]
[Round "5"]
[White "Mishra, Abhimanyu"]
[Black "Wang, Kevin A"]
[Result "1/2-1/2"]
[WhiteElo "2549"]
[BlackElo "2407"]
[PlyCount "93"]
[EventDate "2022.11.23"]
[EventType "swiss"]
[EventRounds "9"]
[EventCountry "USA"]
[SourceTitle "CBM 211 Extra"]
[Source "ChessBase"]
[SourceDate "2023.01.31"]
[SourceVersion "1"]
[SourceVersionDate "2023.01.31"]
[SourceQuality "1"]

1. d4 Nf6 2. c4 g6 3. g3 Bg7 4. Bg2 0-0 5. Nc3 d6 6. Nf3 c5 7. 0-0 Nc6 8. dxc5 dxc5 9. Bf4 Nh5 10. Be3 b6 11. Qc1 Bb7 12. Bh6 Qe8 13. Qe3 f6 14. Rad1 Bxh6 15. Qxh6 Ng7 16. b3 Nf5 17. Qf4 Rd8 18. Rxd8 Qxd8 19. Rd1 Qa8 20. Ne1 Rd8 21. Rxd8+ Qxd8 22. Nd3 Qd7 23. Nd5 Ncd4 24. Qb8+ Bc8 25. e3 Nc6 26. Qc7 Kf7 27. Kf1 e6 28. Qxd7+ Bxd7 29. Nc3 Nd6 30. Ke2 Ne7 31. f4 Nc6 32. g4 Ke7 33. g5 fxg5 34. fxg5 Nd8 35. Ne5 N8f7 36. Nxf7 Nxf7 37. h4 h6 38. gxh6 Nxh6 39. Be4 Kf6 40. Nd1 g5 41. hxg5+ Kxg5 42. Nf2 Nf7 43. Bd3 Nd6 44. Ne4+ Nxe4 45. Bxe4 Kf6 46. Kd3 Ke5 47. Bg6 1/2-1/2

[Event "Washington op 9th"]
[Site "Rockville"]
[Date "2022.08.15"]
[Round "6"]
[White "Jacobson, Brandon"]
[Black "Wang, Kevin A"]
[Result "1-0"]
[WhiteElo "2548"]
[BlackElo "2395"]
[PlyCount "99"]
[EventDate "2022.08.13"]
[EventType "swiss"]
[EventRounds "9"]
[EventCountry "USA"]
[SourceTitle "CBM 209 Extra"]
[Source "ChessBase"]
[SourceDate "2022.09.30"]
[SourceVersion "1"]
[SourceVersionDate "2022.09.30"]
[SourceQuality "1"]

1. d4 d5 2. c4 e6 3. Nc3 c6 4. e3 Nf6 5. b3 Nbd7 6. Bb2 Bd6 7. Bd3 0-0 8. Nge2 b6 9. 0-0 Bb7 10. Ng3 c5 11. cxd5 cxd4 12. Nce4 Bxg3 13. Nxg3 Bxd5 14. Bxd4 Bb7 15. Qe2 Rc8 16. Rac1 Rxc1 17. Rxc1 Qb8 18. Bb1 Rc8 19. Rd1 Qc7 20. e4 e5 21. Bb2 Nc5 22. f3 Ba6 23. Qd2 Ne6 24. Rc1 Qd7 25. Rxc8+ Bxc8 26. Qxd7 Nxd7 27. Nf5 Bb7 28. b4 Kf8 29. Bd3 f6 30. Bb5 Nb8 31. Bc4 Bc8 32. Ba3 Bd7 33. b5+ Nc5 34. Bxc5+ bxc5 35. a4 Bxf5 36. exf5 Ke7 37. Kf2 Kd6 38. Ke3 Nd7 39. a5 Nb8 40. Kd3 Kc7 41. Kc3 Kd6 42. Be6 a6 43. Bc4 Kc7 44. Bd3 Kb7 45. bxa6+ Ka7 46. Bb5 Nxa6 47. Bxa6 Kxa6 48. Kc4 Kxa5 49. Kxc5 Ka4 50. Kd6 1-0

[Event "Washington op 9th"]
[Site "Rockville"]
[Date "2022.08.15"]
[Round "5"]
[White "Khanin, Semen"]
[Black "Wang, Kevin A"]
[Result "1/2-1/2"]
[WhiteElo "2554"]
[BlackElo "2395"]
[PlyCount "79"]
[EventDate "2022.08.13"]
[EventType "swiss"]
[EventRounds "9"]
[EventCountry "USA"]
[SourceTitle "CBM 209 Extra"]
[Source "ChessBase"]
[SourceDate "2022.09.30"]
[SourceVersion "1"]
[SourceVersionDate "2022.09.30"]
[SourceQuality "1"]

1. d4 d5 2. c4 e6 3. Nc3 c6 4. e4 Bb4 5. cxd5 exd5 6. e5 c5 7. a3 Bxc3+ 8. bxc3 Ne7 9. Bd3 Nbc6 10. Ne2 0-0 11. 0-0 Bg4 12. f3 Bf5 13. Ng3 Bxd3 14. Qxd3 cxd4 15. cxd4 f6 16. exf6 Rxf6 17. Bg5 Rf7 18. f4 Qb6 19. Rad1 h6 20. Bh4 Qa6 21. Qxa6 bxa6 22. Bxe7 Rxe7 23. f5 Rf8 24. Rf4 Re3 25. Rc1 g5 26. Rg4 Ne7 27. Rf1 Kh7 28. a4 a5 29. h3 Rf7 30. Kh2 Ng8 31. Nh5 Nf6 32. Nxf6+ Rxf6 33. h4 gxh4 34. Rxh4 Ra3 35. g4 Kg7 36. Rc1 Rxa4 37. Rc7+ Kg8 38. Rc8+ Kg7 39. Rc7+ Kg8 40. Rc8+ 1/2-1/2

[Event "New York Spring GM-A"]
[Site "New York"]
[Date "2022.04.15"]
[Round "2"]
[White "Liang, Jason"]
[Black "Wang, Kevin A"]
[Result "1-0"]
[WhiteElo "2409"]
[BlackElo "2389"]
[PlyCount "131"]
[EventDate "2022.04.14"]
[EventType "tourn"]
[EventRounds "9"]
[EventCountry "USA"]
[EventCategory "8"]
[SourceTitle "CBM 207 Extra"]
[Source "ChessBase"]
[SourceDate "2022.05.31"]
[SourceVersion "1"]
[SourceVersionDate "2022.05.31"]
[SourceQuality "1"]

1. e4 e5 2. Nf3 Nf6 3. d4 Nxe4 4. Bd3 d5 5. Nxe5 Nd7 6. Nxd7 Bxd7 7. 0-0 Bd6 8. Nc3 Nxc3 9. bxc3 0-0 10. Qh5 f5 11. Re1 Qf6 12. Qf3 c6 13. Bf4 Rae8 14. c4 dxc4 15. Bxc4+ Kh8 16. c3 Re7 17. Rxe7 Qxe7 18. Bxd6 Qxd6 19. Re1 f4 20. Bd3 Qd5 21. Re7 Qxf3 22. gxf3 Bc8 23. h4 g6 24. Be4 Kg8 25. Rc7 Re8 26. Kg2 a5 27. a3 Rd8 28. Bc2 Kh8 29. h5 gxh5 30. Rxh7+ Kg8 31. Rxh5 Kf7 32. Rxa5 Be6 33. Rg5 Rh8 34. a4 Kf6 35. Rg6+ Kf7 36. Rg5 Kf6 37. Re5 Bh3+ 38. Kg1 Rg8+ 39. Kh2 Rh8 40. Be4 Be6+ 41. Kg1 Rg8+ 42. Kf1 Bc4+ 43. Ke1 Rg1+ 44. Kd2 Ra1 45. Rf5+ Ke6 46. Rxf4 Ra2+ 47. Kc1 Rxa4 48. Bb1 b5 49. Rh4 b4 50. Kb2 bxc3+ 51. Kxc3 Bd5 52. Be4 Ra2 53. Rh6+ Ke7 54. Rh2 Ke6 55. Kd3 Ra3+ 56. Kd2 Ke7 57. Rh7+ Ke6 58. Rh6+ Ke7 59. Bxd5 cxd5 60. Ke2 Rb3 61. Rc6 Ra3 62. Rb6 Rc3 63. f4 Ra3 64. f5 Rh3 65. Re6+ Kd7 66. f3 1-0

[Event "New York Spring GM-A"]
[Site "New York"]
[Date "2022.04.14"]
[Round "1"]
[White "Wang, Kevin A"]
[Black "Nagy, Gabor"]
[Result "1/2-1/2"]
[WhiteElo "2389"]
[BlackElo "2518"]
[PlyCount "37"]
[EventDate "2022.04.14"]
[EventType "tourn"]
[EventRounds "9"]
[EventCountry "USA"]
[EventCategory "8"]
[SourceTitle "CBM 207 Extra"]
[Source "ChessBase"]
[SourceDate "2022.05.31"]
[SourceVersion "1"]
[SourceVersionDate "2022.05.31"]
[SourceQuality "1"]

1. d4 d5 2. c4 e6 3. Nf3 dxc4 4. Nc3 c6 5. g3 Nf6 6. Bg2 b5 7. Ne5 a6 8. 0-0 Bb7 9. b3 cxb3 10. axb3 Be7 11. Bb2 0-0 12. Ne4 Nd5 13. Nc5 Bxc5 14. dxc5 f6 15. Nd3 a5 16. e4 Nc7 17. Qc2 b4 18. Rfd1 Qe7 19. e5 1/2-1/2

[Event "New York GM-B"]
[Site "New York"]
[Date "2021.11.14"]
[Round "9"]
[White "Perez, Robert M"]
[Black "Wang, Kevin A"]
[Result "1/2-1/2"]
[WhiteElo "2378"]
[BlackElo "2378"]
[PlyCount "37"]
[EventDate "2021.11.10"]
[EventType "tourn"]
[EventRounds "9"]
[EventCountry "USA"]
[EventCategory "8"]
[SourceTitle "CBM 205 Extra"]
[Source "ChessBase"]
[SourceDate "2022.01.31"]
[SourceVersion "1"]
[SourceVersionDate "2022.01.31"]
[SourceQuality "1"]

1. d4 d5 2. c4 e6 3. Nc3 c6 4. e4 dxe4 5. Nxe4 Bb4+ 6. Bd2 Qxd4 7. Bxb4 Qxe4+ 8. Ne2 Na6 9. Bf8 Ne7 10. Bxg7 Nb4 11. Qd6 Nd3+ 12. Kd2 Nf5 13. Qxd3 Qxd3+ 14. Kxd3 Nxg7 15. Kc3 b6 16. g4 Bb7 17. Bg2 0-0-0 18. Rad1 h5 19. g5 1/2-1/2

[Event "New York GM-B"]
[Site "New York"]
[Date "2021.11.12"]
[Round "4"]
[White "Wang, Kevin A"]
[Black "Rozman, Levy"]
[Result "1/2-1/2"]
[WhiteElo "2378"]
[BlackElo "2337"]
[PlyCount "59"]
[EventDate "2021.11.10"]
[EventType "tourn"]
[EventRounds "9"]
[EventCountry "USA"]
[EventCategory "8"]
[SourceTitle "CBM 205 Extra"]
[Source "ChessBase"]
[SourceDate "2022.01.31"]
[SourceVersion "1"]
[SourceVersionDate "2022.01.31"]
[SourceQuality "1"]

1. e4 c6 2. Nf3 d5 3. exd5 cxd5 4. Ne5 Nf6 5. d4 g6 6. Bb5+ Nbd7 7. 0-0 a6 8. Bd3 Bg7 9. Nf3 0-0 10. Re1 Re8 11. h3 Nb8 12. c3 Qc7 13. Ne5 Nfd7 14. Nxd7 Bxd7 15. Qf3 e5 16. dxe5 Nc6 17. Be3 Nxe5 18. Qg3 Bf8 19. Be2 Bd6 20. Qh4 Nc6 21. Nd2 Bh2+ 22. Kh1 Rxe3 23. fxe3 Bg3 24. Qg5 Bxe1 25. Rxe1 Re8 26. Bf3 Qe5 27. Qxe5 Rxe5 28. Nb3 Ne7 29. Kg1 Nf5 30. Kf2 1/2-1/2

[Event "Charlotte CCCSA Spring GM"]
[Site "Charlotte"]
[Date "2021.03.17"]
[Round "1"]
[White "Belous, Vladimir"]
[Black "Wang, Kevin A"]
[Result "1-0"]
[WhiteElo "2521"]
[BlackElo "2402"]
[PlyCount "99"]
[EventDate "2021.03.17"]
[EventType "tourn"]
[EventRounds "9"]
[EventCountry "USA"]
[EventCategory "8"]
[SourceTitle "CBM 201 Extra"]
[Source "ChessBase"]
[SourceDate "2021.05.31"]
[SourceVersion "1"]
[SourceVersionDate "2021.05.31"]
[SourceQuality "1"]

1. c4 e6 2. Nc3 d5 3. d4 c6 4. Nf3 Nf6 5. g3 dxc4 6. Bg2 Nbd7 7. 0-0 Be7 8. e4 0-0 9. Qc2 b5 10. Rd1 Bb7 11. h4 h6 12. Bf4 Qb6 13. b3 cxb3 14. axb3 Rfe8 15. Nh2 Bf8 16. g4 e5 17. dxe5 Nxe5 18. Be3 c5 19. f3 b4 20. Na4 Qc7 21. g5 hxg5 22. hxg5 Nh5 23. Nxc5 Rac8 24. Rac1 Bxc5 25. Qxc5 Qxc5 26. Rxc5 Rxc5 27. Bxc5 a5 28. Bb6 Ra8 29. Bc7 Nc6 30. Bh3 a4 31. bxa4 Rxa4 32. Bg4 g6 33. Rb1 Nd4 34. Bd6 b3 35. Bxh5 gxh5 36. Be5 Ne2+ 37. Kf2 Ra2 38. Ke3 Ba6 39. Rxb3 Kf8 40. Rb6 Bc4 41. Bf6 Ra3+ 42. Kf2 Ra8 43. Rc6 Bb5 44. Rc5 Ba6 45. Be5 Ke7 46. Rc7+ Ke6 47. f4 Bd3 48. Nf3 Bxe4 49. Kxe2 Ra2+ 50. Ke3 1-0

[Event "Charlotte CCCSA Summer GM"]
[Site "Charlotte"]
[Date "2020.08.24"]
[Round "9"]
[White "Wang, Kevin A"]
[Black "Hilby, Craig"]
[Result "0-1"]
[WhiteElo "2402"]
[BlackElo "2433"]
[PlyCount "82"]
[EventDate "2020.08.19"]
[EventType "tourn"]
[EventRounds "9"]
[EventCountry "USA"]
[EventCategory "8"]
[SourceTitle "CBM 197 Extra"]
[Source "ChessBase"]
[SourceDate "2020.09.30"]
[SourceVersion "1"]
[SourceVersionDate "2020.09.30"]
[SourceQuality "1"]

1. e4 g6 2. d4 Bg7 3. Nc3 d6 4. Be3 a6 5. Qd2 b5 6. f3 Nd7 7. h4 h5 8. Nh3 Nb6 9. Ng5 Nf6 10. a4 b4 11. Nd1 a5 12. b3 Nfd7 13. Nb2 c5 14. Bb5 Ba6 15. Bxa6 Rxa6 16. 0-0 Qc7 17. Rad1 cxd4 18. Bxd4 Bxd4+ 19. Qxd4 Qc5 20. Qxc5 Nxc5 21. Nd3 Nbd7 22. Nxc5 Nxc5 23. Rfe1 f6 24. Nh3 e5 25. Nf2 Ne6 26. Rd2 Nd4 27. Nd1 Rc6 28. Ne3 Ke7 29. Red1 Ke6 30. Nc4 Rc5 31. Kf2 Rhc8 32. Rd3 Rxc4 33. bxc4 Rxc4 34. R1d2 Rc6 35. g3 Nxc2 36. Rd5 b3 37. Rxa5 Rb6 38. Rb5 Rxb5 39. axb5 b2 40. Rd1 Na3 41. b6 Kd7 0-1

[Event "Titled Tuesday intern op 11th Aug"]
[Site "Chess.com INT"]
[Date "2020.08.11"]
[Round "1"]
[White "Wang, Kevin A"]
[Black "Nagy, Gabor"]
[Result "0-1"]
[WhiteElo "2402"]
[BlackElo "2478"]
[PlyCount "68"]
[EventDate "2020.08.11"]
[EventType "swiss (blitz)"]
[EventRounds "10"]
[EventCountry "USA"]
[SourceTitle "CBM 197 Extra"]
[Source "ChessBase"]
[SourceDate "2020.09.30"]
[SourceVersion "1"]
[SourceVersionDate "2020.09.30"]
[SourceQuality "1"]

1. e4 c5 2. Nf3 d6 3. Bb5+ Nd7 4. 0-0 a6 5. Bxd7+ Bxd7 6. d4 cxd4 7. Qxd4 e5 8. Qd3 h6 9. c4 Nf6 10. Nc3 Rc8 11. a4 Be7 12. b3 0-0 13. Rd1 Bc6 14. Bb2 Nh5 15. Nd5 Bxd5 16. Qxd5 Qb6 17. Qd3 Nf4 18. Qe3 Qc7 19. Rac1 b6 20. g3 Ne6 21. Kg2 Qb7 22. Qe2 f5 23. Nd2 Bg5 24. Rc2 Nc5 25. Kg1 Bxd2 26. Rcxd2 Nxe4 27. Rd5 Rce8 28. f3 Ng5 29. Kg2 Nf7 30. Ba3 f4 31. Bxd6 Nxd6 32. Rxd6 e4 33. fxe4 Rxe4 34. Qf3 Re2+ 0-1

[Event "Titled Tuesday intern op 5th May"]
[Site "Chess.com INT"]
[Date "2020.05.05"]
[Round "2"]
[White "Rytenko, Vsevolod"]
[Black "Wang, Kevin A"]
[Result "1-0"]
[WhiteElo "2403"]
[BlackElo "2402"]
[PlyCount "91"]
[EventDate "2020.05.05"]
[EventType "swiss (blitz)"]
[EventRounds "10"]
[EventCountry "USA"]
[SourceTitle "CBM 196 Extra"]
[Source "ChessBase"]
[SourceDate "2020.07.31"]
[SourceVersion "1"]
[SourceVersionDate "2020.07.31"]
[SourceQuality "1"]

1. e4 c5 2. Nf3 d6 3. d4 cxd4 4. Nxd4 Nf6 5. Nc3 a6 6. f3 e5 7. Nde2 Be7 8. g4 h6 9. Be3 Be6 10. Qd2 d5 11. exd5 Nxd5 12. Nxd5 Qxd5 13. Qxd5 Bxd5 14. Bg2 Nc6 15. Nc3 Be6 16. 0-0-0 0-0 17. Ne4 Rfd8 18. Bc5 Rac8 19. Bxe7 Rxd1+ 20. Rxd1 Nxe7 21. b3 Nd5 22. Rd2 Kf8 23. Kb2 Ke7 24. c4 Nf4 25. Bf1 h5 26. g5 f5 27. gxf6+ gxf6 28. a4 h4 29. Kc3 h3 30. Kb4 Rg8 31. Ng3 b6 32. a5 bxa5+ 33. Kxa5 Rb8 34. b4 Bc8 35. c5 Ne6 36. Nf5+ Kf8 37. Nd6 Nd4 38. Rxd4 exd4 39. c6 Be6 40. c7 Rc8 41. Nxc8 Bxc8 42. Bxa6 Be6 43. c8Q+ Bxc8 44. Bxc8 d3 45. Bf5 d2 46. Bc2 1-0

[Event "New York Marshall Spring GM"]
[Site "New York"]
[Date "2020.02.28"]
[Round "3"]
[White "Wang, Kevin A"]
[Black "Khamrakulov, Djurabek"]
[Result "1/2-1/2"]
[WhiteElo "2418"]
[BlackElo "2525"]
[PlyCount "57"]
[EventDate "2020.02.27"]
[EventType "tourn"]
[EventRounds "9"]
[EventCountry "USA"]
[EventCategory "8"]
[SourceTitle "CBM 195 Extra"]
[Source "ChessBase"]
[SourceDate "2020.05.31"]
[SourceVersion "1"]
[SourceVersionDate "2020.05.31"]
[SourceQuality "1"]

1. e4 c5 2. c3 Nf6 3. e5 Nd5 4. Nf3 Nc6 5. Bc4 Nb6 6. Bb3 d5 7. exd6 Qxd6 8. Na3 a6 9. 0-0 Bf5 10. d4 cxd4 11. cxd4 e6 12. Be3 Be7 13. Ne5 0-0 14. Nac4 Nxc4 15. Nxc4 Qd8 16. d5 Qxd5 17. Qxd5 exd5 18. Nb6 Rad8 19. Nxd5 Bd6 20. Rad1 Be6 21. Bb6 Rd7 22. f4 Ne7 23. Ba4 Nc6 24. g3 Be5 25. Nc3 Bf6 26. Rxd7 Bxd7 27. Rd1 Be6 28. Rd2 Bd8 29. Bxd8 1/2-1/2

[Event "New York Marshall Spring GM"]
[Site "New York"]
[Date "2020.02.28"]
[Round "4"]
[White "Wang, Kevin A"]
[Black "Korley, Kassa"]
[Result "1/2-1/2"]
[WhiteElo "2418"]
[BlackElo "2430"]
[PlyCount "40"]
[EventDate "2020.02.27"]
[EventType "tourn"]
[EventRounds "9"]
[EventCountry "USA"]
[EventCategory "8"]
[SourceTitle "CBM 195 Extra"]
[Source "ChessBase"]
[SourceDate "2020.05.31"]
[SourceVersion "1"]
[SourceVersionDate "2020.05.31"]
[SourceQuality "1"]

1. e4 e5 2. Bc4 Nf6 3. d3 Nc6 4. Nf3 Bc5 5. 0-0 d6 6. c3 0-0 7. h3 Bb6 8. Re1 Ne7 9. Nbd2 Ng6 10. Nf1 c6 11. Bb3 Be6 12. Bc2 d5 13. exd5 Nxd5 14. Ng3 Qc7 15. d4 exd4 16. Nxd4 Bd7 17. Bg5 Rae8 18. Qf3 Re5 19. Bd2 Rfe8 20. Ndf5 Rxe1+ 1/2-1/2